Équipe de Côte d’Ivoire - le quiz - Statistiques

Statistiques générales
  • Ce quiz a été pris 93 fois
  • Le résultat moyen est 15 sur 20
Statistiques - réponses
Question Réponse % Correct
Qui est actuellement le meilleur buteur de l’histoire de la sélection ? Didier Drogba
100%
Quel numéro 9 ivoirien fait partie des légendes à son poste (Il est notamment passé par Chelsea et Marseille) ? Didier Drogba
100%
Comment sont surnommés les joueurs de la sélection ivoirienne ? Les Éléphants
99%
Combien de CAN a remporté la Côte d’Ivoire ? 3
97%
Quel autre ailier ivoirien passé par Saint-Étienne et Toulouse, se prénomme Max-Alain ? Gradel
90%
Quel entraîneur français remporte la CAN 2015 avec la sélection ? Hervé Renard
89%
Quel milieu défensif prodigieux était également sur le terrain au côté de celui-ci (Passé par Manchester City et le FC Barcelone) ? Yaya Touré
86%
Contre quelle équipe va jouer la Côte d’Ivoire lors de la finale de la CAN 2024 ? Nigeria
81%
En quelle année le pays dispute-t-il sa première Coupe du Monde ? 2006
73%
Qui est actuellement l’équipementier de la sélection ? Puma
73%
Quel jeune prodige va délivrer 2 passes décisives lors de cette finale ? Simon Adingra
73%
Qui est actuellement capitaine de l’équipe de Côte d’Ivoire ? Franck Kessié
72%
Qui offre la CAN 2023 aux ivoiriens grâce à un but à la 81ème minute ? Sébastien Haller
72%
En quelle année la Côte d’Ivoire remporte sa première CAN ? 1992
71%
Quel ailier ivoirien a explosé au LOSC, avant de passer par Arsenal et l’AS Rome ? Gervinho
70%
Qui est actuellement le sélectionneur de l’équipe nationale ? Emerse Faé
66%
Quel pays élimine la Côte d’Ivoire en huitièmes de la CAN 2022 ? Égypte
65%
Quelle équipe bat la Côte d’Ivoire lors de la dernière journée des phases de poules de la Coupe du Monde 2014, se qualifiant donc en huitièmes aux dépens des ivoiriens ? Grèce
33%
Qui est actuellement le joueur le plus capé de l’histoire de la sélection ? Didier Zokora
29%
Quel entraîneur bosniaque était sur le banc ivoirien de 2008 à 2010 ? Vahid Halilhodžić
20%
Aucun quiz correspondant
Distribution des résultats
% des personnes avec chaque résultat
Percentile par nombre de réponses
Votre historique - résultats
Vous n’avez pas pris ce quiz